000 03467nam a2200349 a 4500
003 OSt
005 20240801104917.0
007 cr ||||||a|c|a
008 240801s2021 mx a|||fom||| 001 0 spa d
040 _erda
100 1 _aMartínez Ortíz, Manolo
_9189306
245 1 _aEfecto de extractos de granada y té verde en el comportamiento productivo, salud e inmunidad en conejos de engorda /
_cpor Manolo Martínez Ortiz; director de tesis Marianella Fallas López; secretario Raymundo Rodríguez de Lara; vocal José Luis Zaragoza Ramírez; suplente Constantino Romero Marquez; suplente Yesenia Pérez García.
264 1 _aChapingo, México :
_bEl autor,
_c2021.
300 _a1 recurso en línea (54 páginas):
_bcuadros, figuras.
336 _2rdacontent
_atexto
_btxt
337 _2rdamedia
_acomputadora
_bc
338 _2rdacarrier
_arecurso en línea
_bcr
502 _bIAEZ
_cZootecnía
_d2021.
_gLIC
504 _aIncluye referencias bibliográficas: páginas 41-44.
520 _aEl objetivo fue evaluar la adición de un aditivo con extractos de granada y té verde (VETSSN), en el gua de bebida, sobre la ganancia diaria de peso (GDP), consumo diario de alimento (CDA), conversión alimenticia (CA), mortalidad, carga de ooquistes en heces (COH) y niveles de inmunoglobulinas totales séricas (NITS) en conejos de engorda. 240 conejos de 28 días de edad fueron asignados aleatoriamente a cuatro tratamientos: T1) grupo control sin fármacos o aditivos; T2) con vermífugo, sulfamidas y vitaminas en agua al inicio de la engorda durante 7 días; T3) adición de 1 mL VETSSN por día/conejo durante 42 días y T4) Adición de 2 mL VETSSN mismo protocolo. El diseño fue completamente al azar con cuatro tratamientos y 12 repeticiones por tratamiento, la unidad experimental fue una jaula, con 5 conejos. Ocho conejos adicionales fueron asignados aleatoriamente a los mismos tratamientos (2 por jaula) y tres muestreos durante la engorda para determinar COH y NITS. No se encontró efecto (P > 0.05) de tratamiento en GDP, pero si en CDA (P = 0.02) y CA (P = 0.0002). La CA para T4 fue 3.25 ± 0.10 (P < 0.05) menor a 3.54, 3.66 y 3.81 en T3, T2 y T1. La mortalidad en T4 (3.3%) fue menor a los demás tratamientos (6.7%) sin diferencia significativa (P > 0.05). La COH tendió (P = 0.288) a disminuir en T2, T3 y T4 vs. T1. COH en fueron inferiores en 3100 (T2), 3325 (T3) y 3172.2 (T4) comparado con T1. NITS fue influenciada por tratamiento (P = 0.01) y semana de muestreo (P = 0.012). Los conejos en T3 fueron superiores en 29.0, 31.5 y 19.0 % comparados con T1, T2 y T4, mientras que los valores en la quinta semana fueron superiores en un 17.5 y 14.6% comparados a la sexta y séptima. VETSSN mostro efectos benéficos en comportamiento productivo, salud e inmunidad en conejos.
650 4 _aGranada
_xEfecto en conejos
_9189308
650 4 _aCamellia sinensis
_xEfecto en conejos
_9189307
650 4 _aConejos
_xEngorda
_926363
650 4 _aConejos
_xInmunología
_9133722
700 1 _aFallas López, Marianella.
_939399
_eDirector de tesis.
700 1 _aRodríguez de Lara, Raymundo
_998436
_eSecretario.
700 1 _aZaragoza Ramírez, José Luis
_9123684
_eVocal.
700 1 _aRomero Márquez, Constantino
_999621
_eSuplente.
700 1 _aPérez García, Yesenia
_9189328
_eSuplente.
856 _uhttp://10.13.5.2/tesis/tl/2021_ZO_Martinez_Ortiz_Manolo.pdf
_zDESCARGAR PDF
942 _2Clasificación Universidad Autónoma Chapingo
_cTD
999 _c220042
_d220042